Disney Princesses by Picture - Statistics

General Stats
  • This quiz has been taken 1,022 times
  • The average score is 11 of 12
Answer Stats
Picture Answer % Correct
Snow White
98%
Cinderella
95%
Ariel
94%
Belle
92%
Mulan
92%
Jasmine
91%
Moana
90%
Rapunzel
87%
Pocahontas
86%
Aurora
84%
Tiana
81%
Merida
75%
No matching quizzes found
Score Distribution
Percent of People with Each Score
Percentile by Number Answered
Your Score History
You have not taken this quiz